[Event "Bronshoj Lang Weekend 2012"]
[Site "Bronshoj"]
[Date "2012.02.13"]
[Round "6"]
[White "Pedersen, Henrik Bolding"]
[Black "Harestad, Hans Krogh"]
[Result "0-1"]
[WhiteElo "2068"]
[BlackElo "2265"]
[PlyCount "66"]
[EventDate "2012.??.??"]
[EventCountry "DEN"]

1. e4 d6 2. d4 Nf6 3. Bd3 e5 4. c3 Be7 5. Ne2 O-O 6. O-O Re8 7. f3 d5 8. dxe5
dxe4 9. exf6 Bc5+ 10. Kh1 exd3 11. Ng3 Qxf6 12. Qxd3 Qg6 13. Qxg6 hxg6 14. Bf4
Bb6 15. Nd2 Be6 16. Rfe1 Nd7 17. Nb3 Bxb3 18. axb3 Nc5 19. Rxe8+ Rxe8 20. Ne4
Nxe4 21. fxe4 Rxe4 22. Bg3 Re2 23. Rb1 g5 24. h3 f5 25. b4 f4 26. Be1 Rc2 27.
b3 Kf7 28. Kh2 Ke6 29. c4 Be3 30. Kh1 Kf5 31. b5 g4 32. hxg4+ Kxg4 33. Bb4 f3
0-1

[Event "Bronshoj Lang Weekend 2012"]
[Site "Bronshoj"]
[Date "2012.02.13"]
[Round "6"]
[White "Pedersen, Steffen"]
[Black "Rostgaard, Tobias Valentin"]
[Result "1/2-1/2"]
[WhiteElo "2427"]
[BlackElo "2189"]
[PlyCount "29"]
[EventDate "2012.??.??"]
[EventCountry "DEN"]

1. d4 d5 2. c4 c6 3. Nc3 Nf6 4. e3 g6 5. Nf3 Bg7 6. Qb3 O-O 7. Bd2 e6 8. Rc1
Nbd7 9. Bd3 a6 10. O-O dxc4 11. Bxc4 b5 12. Be2 Bb7 13. a4 Qe7 14. Nb1 Rfc8 15.
Bb4 1/2-1/2

[Event "Bronshoj Lang Weekend 2012"]
[Site "Bronshoj"]
[Date "2012.02.13"]
[Round "6"]
[White "Reinecker, Kai"]
[Black "Ohayv, Nikolaj"]
[Result "1-0"]
[WhiteElo "2261"]
[BlackElo "1799"]
[PlyCount "125"]
[EventDate "2012.??.??"]
[EventCountry "DEN"]

1. e4 e5 2. Nf3 Nc6 3. d4 exd4 4. Nxd4 Bc5 5. Be3 Bb6 6. Nc3 Nge7 7. Bc4 O-O 8.
O-O Nxd4 9. Bxd4 Bxd4 10. Qxd4 Nc6 11. Qd2 Ne5 12. Bb3 d6 13. f4 Ng4 14. Qe2
Nf6 15. e5 dxe5 16. fxe5 Qd4+ 17. Kh1 Bg4 18. Qb5 a6 19. Qxb7 Qxe5 20. Rae1 Qd6
21. Ne4 Nxe4 22. Bxf7+ Kh8 23. Qxe4 Qd7 24. Bd5 Rad8 25. Rxf8+ Rxf8 26. Bc6 Qf7
27. h3 Bh5 28. Qe7 Qf2 29. Be8 Bxe8 30. Qxe8 h6 31. Qe2 Qf6 32. b3 Rf7 33. c4
Rf8 34. Qe7 Qf4 35. c5 Rf7 36. Qe8+ Rf8 37. Qe5 Qf2 38. Rd1 Qxa2 39. Rd7 Qb1+
40. Kh2 Qg6 41. Rxc7 a5 42. Re7 Rf2 43. Qg3 Qxg3+ 44. Kxg3 Rc2 45. Rc7 Rc3+ 46.
Kf4 Rxb3 47. Ke5 a4 48. Ra7 Rg3 49. Rxa4 Rxg2 50. c6 Rc2 51. Kd5 Rc3 52. Rc4
Rd3+ 53. Kc5 Rd8 54. c7 Rc8 55. Kd6 g5 56. Kd7 Rg8 57. c8=Q Rxc8 58. Rxc8+ Kg7
59. Ke6 Kg6 60. Rc4 Kh5 61. Kf5 g4 62. hxg4+ Kh4 63. g5+ 1-0

[Event "Bronshoj Lang Weekend 2012"]
[Site "Bronshoj"]
[Date "2012.02.13"]
[Round "6"]
[White "Rhee, Alexander Kasper"]
[Black "Larsen, Tor Ketil"]
[Result "1/2-1/2"]
[WhiteElo "2149"]
[BlackElo "1968"]
[PlyCount "157"]
[EventDate "2012.??.??"]
[EventCountry "DEN"]

1. c4 Nf6 2. Nc3 c5 3. Nf3 Nc6 4. g3 g6 5. Bg2 Bg7 6. d4 cxd4 7. Nxd4 O-O 8.
O-O Ng4 9. Nb3 d6 10. Nd5 Nge5 11. c5 dxc5 12. Nxc5 Qd6 13. Ne4 Qd7 14. Bd2 Kh8
15. Bc3 e6 16. Ndf6 Qe7 17. Qd2 Nd7 18. Nxd7 Bxd7 19. Rad1 Rad8 20. Bxg7+ Kxg7
21. Qc3+ f6 22. Nc5 Be8 23. Nxb7 Rxd1 24. Rxd1 Qxb7 25. Rc1 Qa6 26. Bxc6 Bxc6
27. Qxc6 Qxa2 28. Rc4 Qxb2 29. Qxe6 Qb1+ 30. Kg2 Qb7+ 31. Rc6 Rf7 32. e4 Qd7
33. Qc4 Qb7 34. h4 h5 35. Qc3 Qb1 36. Qd4 Qb7 37. Qd6 Qb1 38. Qe6 Qb2 39. Qd6
Qe5 40. Qxe5 fxe5 41. Re6 a5 42. Ra6 Rb7 43. Rxa5 Kf6 44. Ra6+ Kf7 45. Ra3 Rb2
46. Kf3 Rc2 47. Ke3 Rc1 48. Kd2 Rb1 49. f4 exf4 50. gxf4 Rh1 51. Ra7+ Kf8 52.
Kd3 Rd1+ 53. Ke3 Rh1 54. Kd4 Rxh4 55. Ke5 Rg4 56. Rb7 h4 57. Ra7 Kg8 58. Ra1 h3
59. Rh1 Rh4 60. Kd4 Rxf4 61. Rxh3 Kg7 62. Ke5 Rf1 63. Ke6 Ra1 64. Rd3 Ra6+ 65.
Rd6 Rxd6+ 66. Kxd6 Kf7 67. e5 Ke8 68. Ke6 g5 69. Kf5 Ke7 70. Kxg5 Ke6 71. Kf4
Ke7 72. Kf5 Kf7 73. e6+ Ke7 74. Ke5 Ke8 75. Kd5 Ke7 76. Ke5 Ke8 77. Kd6 Kd8 78.
e7+ Ke8 79. Ke6 1/2-1/2

[Event "Bronshoj Lang Weekend 2012"]
[Site "Bronshoj"]
[Date "2012.02.13"]
[Round "6"]
[White "Rimestad, Arild"]
[Black "Frisk, Hans"]
[Result "1-0"]
[WhiteElo "1905"]
[BlackElo "2058"]
[PlyCount "97"]
[EventDate "2012.??.??"]
[EventCountry "DEN"]

1. f4 d5 2. Nf3 g6 3. g3 Nf6 4. Bg2 Bg7 5. c3 c5 6. d3 b6 7. Na3 Bb7 8. O-O O-O
9. Qe1 Nbd7 10. Ne5 Nxe5 11. fxe5 Nd7 12. d4 a6 13. e4 e6 14. exd5 Bxd5 15.
Bxd5 exd5 16. e6 fxe6 17. Qxe6+ Kh8 18. Qxd5 Rxf1+ 19. Kxf1 cxd4 20. cxd4 Nf8
21. Qxd8 Rxd8 22. Be3 Bxd4 23. Rd1 Ne6 24. Nc4 b5 25. Bxd4+ Rxd4 26. Rxd4 Nxd4
27. Ne5 Kg7 28. Kf2 Kf6 29. Nd7+ Kf5 30. Nc5 a5 31. Nb7 a4 32. Ke3 Nc2+ 33. Kd2
Nd4 34. Kd3 Nf3 35. h3 Ng1 36. Nd6+ Ke6 37. Nxb5 Nxh3 38. Nc3 Nf2+ 39. Ke3 Ng4+
40. Kf4 Ne5 41. Nxa4 h6 42. Nc5+ Kd5 43. b3 Nc6 44. Nd7 Nb4 45. a4 Nd3+ 46. Ke3
Nc1 47. b4 h5 48. a5 g5 49. a6 1-0

[Event "Bronshoj Lang Weekend 2012"]
[Site "Bronshoj"]
[Date "2012.02.13"]
[Round "6"]
[White "Rydstrom, Tom"]
[Black "Eriksson, Christian Altenburg"]
[Result "1/2-1/2"]
[WhiteElo "1951"]
[BlackElo "2139"]
[PlyCount "90"]
[EventDate "2012.??.??"]
[EventCountry "DEN"]

1. e4 c5 2. Nf3 Nc6 3. d4 cxd4 4. Nxd4 e5 5. Nb5 d6 6. N1c3 a6 7. Na3 b5 8. Nd5
Nf6 9. Bg5 Be7 10. Bxf6 Bxf6 11. c4 b4 12. Nc2 Rb8 13. Qf3 Bg5 14. Be2 O-O 15.
h4 Bh6 16. g4 Bf4 17. Nxf4 exf4 18. Qxf4 b3 19. axb3 Rxb3 20. Ra2 Qe7 21. h5
Re8 22. f3 a5 23. h6 g6 24. O-O f5 25. gxf5 gxf5 26. Ne3 Nd4 27. Bd1 Kh8 28.
Nd5 Rg8+ 29. Kh1 Qf7 30. Qxd6 Qh5+ 31. Qh2 Qxh2+ 32. Kxh2 Rd3 33. b4 Rg6 34.
Nf4 Rxh6+ 35. Kg1 Rc3 36. Rxa5 Rxc4 37. Ra8 Rc1 38. Nd3 Rc3 39. Nc5 Rc6 40. Ba4
Rg6+ 41. Kh1 Rh6+ 42. Kg2 Rg6+ 43. Kh1 Rh6+ 44. Kg2 Rg6+ 45. Kh1 Rh6+ 1/2-1/2

[Event "Bronshoj Lang Weekend 2012"]
[Site "Bronshoj"]
[Date "2012.02.13"]
[Round "6"]
[White "Stojanovski, Sandi"]
[Black "Andreasen, Per Naesby"]
[Result "0-1"]
[WhiteElo "2179"]
[BlackElo "2239"]
[PlyCount "80"]
[EventDate "2012.??.??"]
[EventCountry "DEN"]

1. d4 g6 2. c4 Bg7 3. Nc3 d6 4. e4 e5 5. Nf3 Nc6 6. d5 Nce7 7. Be2 f5 8. exf5
gxf5 9. Ng5 Nf6 10. f4 O-O 11. O-O e4 12. Be3 h6 13. Nh3 c5 14. Nf2 Kh8 15. Rb1
Rg8 16. b4 b6 17. bxc5 bxc5 18. Qa4 Ng4 19. Bxg4 Bxc3 20. Rb3 Bd4 21. Bh5 Bd7
22. Qa6 Nc8 23. Rd1 Bxe3 24. Rxe3 Qh4 25. Bf7 Rg7 26. Be6 Bxe6 27. dxe6 Qxf4
28. Rg3 e3 29. Nh3 e2 30. Re1 Qd4+ 31. Nf2 Qd2 32. Nd3 Rxg3 33. hxg3 Qxd3 34.
Qb7 Nb6 35. Qf7 Qd4+ 36. Kh2 Qg7 37. Qxf5 Rg8 38. Qf4 Nxc4 39. Rxe2 Ne5 40. Rd2
Ng4+ 0-1

[Event "Bronshoj Lang Weekend 2012"]
[Site "Bronshoj"]
[Date "2012.02.13"]
[Round "6"]
[White "Zachariassen, Bjarne"]
[Black "Langmyhr, Tore"]
[Result "1-0"]
[WhiteElo "1948"]
[BlackElo "1923"]
[PlyCount "59"]
[EventDate "2012.??.??"]
[EventCountry "DEN"]

1. e4 d5 2. exd5 Nf6 3. Nf3 Nxd5 4. d4 Bg4 5. h3 Bf5 6. c4 Nb4 7. Na3 e6 8. Bf4
N8c6 9. Be2 Be7 10. O-O O-O 11. Qd2 a5 12. Nb5 Na6 13. Rfd1 Qc8 14. a3 Rd8 15.
Rac1 Bf6 16. Qe3 Re8 17. g4 Bg6 18. Qd2 e5 19. dxe5 Nxe5 20. c5 Nxg4 21. hxg4
Qxg4+ 22. Bg3 h5 23. Ne5 Qh3 24. Nxg6 fxg6 25. Bf1 Qg4 26. Qf4 Qc8 27. Rc2 g5
28. Qc4+ Kh8 29. Re2 Rxe2 30. Qxe2 1-0

[Event "Bronshoj Lang Weekend 2012"]
[Site "Bronshoj"]
[Date "2012.02.13"]
[Round "7"]
[White "Andersen, Soren Mikkel"]
[Black "Christensen, Esben"]
[Result "1-0"]
[WhiteElo "2021"]
[BlackElo "1996"]
[PlyCount "61"]
[EventDate "2012.??.??"]
[EventCountry "DEN"]

1. d4 Nf6 2. c4 c5 3. d5 b5 4. cxb5 a6 5. f3 e6 6. e4 exd5 7. e5 Qe7 8. Qe2 Ng8
9. Nc3 Bb7 10. Nh3 d4 11. Ne4 d3 12. Qxd3 Qxe5 13. Bf4 Bxe4 14. Bxe5 Bxd3 15.
Bxd3 d6 16. Bg3 Nf6 17. O-O-O Be7 18. Rhe1 Kd8 19. Ng5 Rf8 20. Ne4 d5 21. Nxf6
Bxf6 22. Be4 Nd7 23. Bxd5 Ra7 24. Bc6 axb5 25. Bb8 Rxa2 26. Bxd7 Bd4 27. Bxb5
Kc8 28. Be5 Ra1+ 29. Kc2 Rxd1 30. Kxd1 Rd8 31. Kc2 1-0

[Event "Bronshoj Lang Weekend 2012"]
[Site "Bronshoj"]
[Date "2012.02.13"]
[Round "7"]
[White "Bromann, Thorbjorn"]
[Black "Palm, Nikolaj"]
[Result "1/2-1/2"]
[WhiteElo "2370"]
[BlackElo "2217"]
[PlyCount "120"]
[EventDate "2012.??.??"]
[EventCountry "DEN"]

1. c4 e5 2. g3 d6 3. Nc3 c6 4. Bg2 Nf6 5. d4 Qc7 6. e4 Be7 7. Nge2 O-O 8. h3
Re8 9. O-O Nbd7 10. g4 Nf8 11. f4 exf4 12. Nxf4 Ne6 13. Nxe6 fxe6 14. g5 Nd7
15. Qg4 Nf8 16. Be3 Ng6 17. Qg3 Bd7 18. h4 Rf8 19. h5 Nh8 20. e5 dxe5 21. Ne4
Rf5 22. Bh3 g6 23. dxe5 Qxe5 24. Bxf5 Qxg3+ 25. Nxg3 exf5 26. hxg6 hxg6 27.
Rfe1 Nf7 28. Bxa7 Bd6 29. Bf2 Nxg5 30. Red1 Bxg3 31. Rxd7 Be5 32. Rxb7 Rd8 33.
Kf1 Ne4 34. Re1 Rd2 35. Re2 Rd1+ 36. Kg2 g5 37. Re7 Bf6 38. Re6 Kf7 39. Rxc6 g4
40. b4 Be5 41. Be3 Bd4 42. b5 Bxe3 43. Rxe3 Rd4 44. b6 f4 45. Ra3 f3+ 46. Rxf3+
gxf3+ 47. Kxf3 Nd2+ 48. Kg3 Ne4+ 49. Kg2 Rd2+ 50. Kf3 Nf6 51. a4 Nd7 52. Ke3
Ra2 53. Rc7 Ke6 54. b7 Rb2 55. c5 Nxc5 56. Rxc5 Rxb7 57. a5 Kd6 58. Rh5 Kc6 59.
Kd4 Rb4+ 60. Kc3 Rb5 1/2-1/2

[Event "Bronshoj Lang Weekend 2012"]
[Site "Bronshoj"]
[Date "2012.02.13"]
[Round "7"]
[White "Christiansen, Johan Sebastian"]
[Black "Langmyhr, Tore"]
[Result "1/2-1/2"]
[WhiteElo "1967"]
[BlackElo "1923"]
[PlyCount "25"]
[EventDate "2012.??.??"]
[EventCountry "DEN"]

1. c4 e5 2. Nc3 f5 3. g3 Nf6 4. Bg2 c6 5. d3 Be7 6. Nf3 d6 7. O-O O-O 8. a3 Kh8
9. b4 Qe8 10. b5 Nbd7 11. bxc6 bxc6 12. Ng5 Nc5 13. f4 1/2-1/2

[Event "Bronshoj Lang Weekend 2012"]
[Site "Bronshoj"]
[Date "2012.02.13"]
[Round "7"]
[White "Frisk, Hans"]
[Black "Reinecker, Kai"]
[Result "0-1"]
[WhiteElo "2058"]
[BlackElo "2261"]
[PlyCount "44"]
[EventDate "2012.??.??"]
[EventCountry "DEN"]

1. d4 Nf6 2. c4 e6 3. g3 d5 4. Nf3 c6 5. Bg2 Nbd7 6. O-O Be7 7. Qc2 O-O 8. b3
Ne4 9. Bb2 f5 10. Ne5 Nxe5 11. dxe5 Qb6 12. Ba3 Bxa3 13. Nxa3 Qd4 14. Bxe4 fxe4
15. e3 Qxe5 16. Qe2 Bd7 17. Nc2 Be8 18. h3 Bh5 19. g4 Rf3 20. Kg2 Raf8 21. Rh1
Qg5 22. Rhg1 Qh4 0-1

[Event "Bronshoj Lang Weekend 2012"]
[Site "Bronshoj"]
[Date "2012.02.13"]
[Round "7"]
[White "Harestad, Hans Krogh"]
[Black "Kirknel, Thomas"]
[Result "1-0"]
[WhiteElo "2265"]
[BlackElo "2135"]
[PlyCount "42"]
[EventDate "2012.??.??"]
[EventCountry "DEN"]

1. d4 Nf6 2. c4 e6 3. Nf3 b6 4. g3 Bb7 5. Bg2 c5 6. d5 exd5 7. Nh4 g6 8. Nc3
Bg7 9. cxd5 O-O 10. O-O d6 11. Nf3 Re8 12. Bf4 Na6 13. Nd2 Nc7 14. Nc4 Bf8 15.
a4 h6 16. h3 Na6 17. Nb5 Nb4 18. Ncxd6 Bxd5 19. Nxe8 Nxe8 20. e4 Bc6 21. Qxd8
Rxd8 1-0

[Event "Bronshoj Lang Weekend 2012"]
[Site "Bronshoj"]
[Date "2012.02.13"]
[Round "7"]
[White "Jacobsen, Mads Holger Bang"]
[Black "Andersen, Daniel"]
[Result "1-0"]
[WhiteElo "1999"]
[BlackElo "1823"]
[PlyCount "49"]
[EventDate "2012.??.??"]
[EventCountry "DEN"]

1. d4 Nf6 2. c4 g6 3. Nc3 d5 4. Bf4 Bg7 5. e3 c5 6. dxc5 Qa5 7. Qd2 dxc4 8.
Bxc4 Qxc5 9. Bb3 O-O 10. Nf3 Nc6 11. O-O Rd8 12. Qe2 e5 13. Bg3 e4 14. Nd2 Bg4
15. Qc4 Qxc4 16. Nxc4 Nb4 17. Nd6 Rd7 18. Ndxe4 Nxe4 19. Nxe4 Nd3 20. f3 Bf5
21. Nd6 Bxb2 22. Rad1 Ba3 23. Nxf5 gxf5 24. Bc2 Rad8 25. Bh4 1-0

[Event "Bronshoj Lang Weekend 2012"]
[Site "Bronshoj"]
[Date "2012.02.13"]
[Round "7"]
[White "Jensen, Simon Stibolt"]
[Black "Ohayv, Nikolaj"]
[Result "0-1"]
[WhiteElo "1423"]
[BlackElo "1799"]
[PlyCount "52"]
[EventDate "2012.??.??"]
[EventCountry "DEN"]

1. e4 e5 2. Nf3 Nc6 3. Bb5 a6 4. Ba4 Nf6 5. O-O b5 6. Bb3 Be7 7. d4 d6 8. d5
Na5 9. Qe2 O-O 10. Bd2 Nxb3 11. axb3 c6 12. dxc6 Qc7 13. Nc3 Qxc6 14. Bg5 Bb7
15. Bxf6 Bxf6 16. Nd5 Bd8 17. c4 bxc4 18. Qxc4 Qd7 19. Rfc1 Kh8 20. Qa4 Qe6 21.
Qc4 Rc8 22. Qd3 Rxc1+ 23. Rxc1 f5 24. Nc7 Bxc7 25. Rxc7 fxe4 26. Ng5 exd3 0-1

[Event "Bronshoj Lang Weekend 2012"]
[Site "Bronshoj"]
[Date "2012.02.13"]
[Round "7"]
[White "Jorgensen, Mikkel"]
[Black "Nielsen, Thomas (1994)"]
[Result "0-1"]
[WhiteElo "1712"]
[BlackElo "1453"]
[PlyCount "38"]
[EventDate "2012.??.??"]
[EventCountry "DEN"]

1. d4 e6 2. e4 c5 3. Nf3 d5 4. c3 Nc6 5. e5 Be7 6. Be3 cxd4 7. cxd4 Qb6 8. b3
Bd7 9. Bd3 Nb4 10. O-O Nxd3 11. Qxd3 Bb5 12. Qd2 Bxf1 13. Kxf1 Bb4 14. Qd3 Rc8
15. a3 Qa5 16. Bd2 Bxd2 17. Nbxd2 Ne7 18. b4 Qa6 19. b5 Qa5 0-1

[Event "Bronshoj Lang Weekend 2012"]
[Site "Bronshoj"]
[Date "2012.02.13"]
[Round "7"]
[White "Larsen, Tor Ketil"]
[Black "Borbjerggaard, Lars"]
[Result "1/2-1/2"]
[WhiteElo "1968"]
[BlackElo "2305"]
[PlyCount "111"]
[EventDate "2012.??.??"]
[EventCountry "DEN"]

1. e4 d5 2. exd5 Nf6 3. Nc3 Nxd5 4. Nxd5 Qxd5 5. Qf3 Qc6 6. Qxc6+ Nxc6 7. Bb5
Bd7 8. c3 e5 9. Ne2 O-O-O 10. O-O Bc5 11. b4 Bb6 12. Bc4 f6 13. a4 a6 14. a5
Ba7 15. b5 axb5 16. Bxb5 Kb8 17. a6 Nd4 18. Nxd4 exd4 19. Be2 Bc6 20. axb7 d3
21. Bg4 Rhe8 22. Ba3 Kxb7 23. Rfb1+ Bb6 24. Bc5 g6 25. Be3 f5 26. c4 f4 27. c5
fxe3 28. fxe3 Re4 29. Bf3 Rc4 30. cxb6 cxb6 31. Kf2 Rc2 32. Ke1 Bxf3 33. gxf3
Rd5 34. h4 Rf5 35. Rb3 Rxf3 36. Rxd3 Rh3 37. Ra4 Kc6 38. Rad4 b5 39. Kd1 Rc4
40. Rxc4+ bxc4 41. Rd4 Kc5 42. Kc2 Kb4 43. Rf4 Rh2 44. Rg4 Rh3 45. Rf4 Rg3 46.
Kd1 Kb3 47. Ke1 Rg2 48. e4 Kb4 49. e5 Kc5 50. Re4 Rg1+ 51. Kf2 Ra1 52. e6 Ra8
53. e7 Re8 54. Kf3 Kd6 55. Kf4 Rxe7 56. Rxc4 1/2-1/2

[Event "Bronshoj Lang Weekend 2012"]
[Site "Bronshoj"]
[Date "2012.02.13"]
[Round "7"]
[White "Moller, Arne Vagn"]
[Black "Haubro, Martin"]
[Result "1/2-1/2"]
[WhiteElo "1767"]
[BlackElo "2072"]
[PlyCount "96"]
[EventDate "2012.??.??"]
[EventCountry "DEN"]

1. e4 c5 2. b3 Nc6 3. Bb2 d6 4. Nf3 Nf6 5. d3 g6 6. Be2 Bg7 7. c3 O-O 8. O-O e5
9. c4 Nh5 10. Nbd2 Nf4 11. Re1 Nxe2+ 12. Qxe2 f5 13. a3 f4 14. Kh1 g5 15. Ng1
g4 16. f3 g3 17. h3 Rf6 18. b4 Rh6 19. Nf1 Qe8 20. bxc5 dxc5 21. Bc3 Nd8 22.
Ra2 Ne6 23. Rb1 Ng5 24. Be1 Bf6 25. a4 Kh8 26. a5 Qh5 27. Nxg3 fxg3 28. Bxg3
Rg6 29. Bh2 Rg7 30. Qf2 Ne6 31. Rb5 Qe8 32. Ne2 Qc6 33. f4 exf4 34. Nxf4 Bd4
35. Qh4 Nxf4 36. Qxf4 Be6 37. Rb1 Rf7 38. Qg5 Rc8 39. Be5+ Bxe5 40. Qxe5+ Kg8
41. h4 Bg4 42. Rab2 Rcc7 43. Qg5+ Qg6 44. Qe5 Qg7 45. Qd5 Qf6 46. Rxb7 Qxh4+
47. Kg1 Qf2+ 48. Kh1 Qh4+ 1/2-1/2

[Event "Bronshoj Lang Weekend 2012"]
[Site "Bronshoj"]
[Date "2012.02.13"]
[Round "7"]
[White "Nguyen, Giang Thu"]
[Black "Rhee, Alexander Kasper"]
[Result "0-1"]
[WhiteElo "2118"]
[BlackElo "2149"]
[PlyCount "78"]
[EventDate "2012.??.??"]
[EventCountry "DEN"]

1. e4 c5 2. c3 Qa5 3. Nf3 Nc6 4. Bd3 Nf6 5. Bc2 d5 6. d3 Bg4 7. Nbd2 Rd8 8. Qe2
e6 9. O-O Be7 10. h3 Bh5 11. Re1 O-O 12. Nf1 Ne5 13. N1h2 Qa6 14. g4 Nxf3+ 15.
Qxf3 dxe4 16. dxe4 Bg6 17. Nf1 Nd7 18. Ng3 Ne5 19. Qe2 Nd3 20. Rd1 c4 21. b3
Nxc1 22. Rdxc1 Qb6 23. bxc4 Bh4 24. Nf1 f5 25. Rab1 Qc6 26. gxf5 exf5 27. e5
Bf7 28. Ne3 Qe8 29. f4 Bh5 30. Qg2 Rd6 31. Bxf5 Rxf5 32. Nxf5 Rg6 33. Nxh4
Rxg2+ 34. Nxg2 Bf3 35. Ne3 Qg6+ 36. Kf1 Qd3+ 37. Kf2 Qe2+ 38. Kg3 Qxe3 39. Re1
Be2+ 0-1

[Event "Bronshoj Lang Weekend 2012"]
[Site "Bronshoj"]
[Date "2012.02.13"]
[Round "7"]
[White "Nielsen, Klaus"]
[Black "Nielsen, Steen Gregers"]
[Result "1/2-1/2"]
[WhiteElo "2038"]
[BlackElo "1688"]
[PlyCount "61"]
[EventDate "2012.??.??"]
[EventCountry "DEN"]

1. d4 Nf6 2. Nf3 e6 3. e3 b6 4. Bd3 Bb7 5. Nbd2 c5 6. O-O d5 7. b3 Nc6 8. Bb2
cxd4 9. exd4 Be7 10. Re1 Qc7 11. a3 O-O 12. Ne5 Rfe8 13. f4 Bf8 14. Re3 g6 15.
Rh3 Bg7 16. Qe2 Ne7 17. g4 a6 18. Rf1 Nd7 19. Qf2 f6 20. Nxd7 Qxd7 21. Qh4 h6
22. Nf3 Bc8 23. g5 e5 24. Rg3 e4 25. gxf6 Nf5 26. Qg4 Nxg3 27. Qxg3 Bxf6 28.
Be2 exf3 29. Bxf3 Qf5 30. Bxd5+ Be6 31. Bxa8 1/2-1/2

[Event "Bronshoj Lang Weekend 2012"]
[Site "Bronshoj"]
[Date "2012.02.13"]
[Round "7"]
[White "Nohr, Finn"]
[Black "Rimestad, Arild"]
[Result "1-0"]
[WhiteElo "2081"]
[BlackElo "1905"]
[PlyCount "97"]
[EventDate "2012.??.??"]
[EventCountry "DEN"]

1. e4 d5 2. exd5 Qxd5 3. Nc3 Qa5 4. d4 Bf5 5. Nf3 Nd7 6. Bd2 c6 7. d5 cxd5 8.
Nd4 e6 9. Nxf5 exf5 10. Bb5 Ngf6 11. Nxd5 Qd8 12. Qe2+ Be7 13. Nxf6+ gxf6 14.
O-O-O a6 15. Bxd7+ Qxd7 16. Rhe1 Qe6 17. Qxe6 fxe6 18. Rxe6 Kf7 19. Rb6 Rab8
20. Bf4 Bc5 21. Rd7+ Kg6 22. Bxb8 Bxb6 23. Bg3 f4 24. Bxf4 Bxf2 25. Rxb7 Rd8
26. g3 h5 27. c4 h4 28. Re7 Rd3 29. Kc2 hxg3 30. hxg3 Rf3 31. Re6 a5 32. Ra6
Be1 33. c5 Rf2+ 34. Kb3 Rf3+ 35. Kc4 Rf2 36. Rb6 Rc2+ 37. Kd5 Bf2 38. Bd6 a4
39. Ra6 Rxb2 40. Rxa4 Rd2+ 41. Kc6 f5 42. Ra8 Rd3 43. a4 Kf7 44. g4 Bxc5 45.
Bxc5 fxg4 46. a5 g3 47. Rf8+ Ke6 48. a6 g2 49. Rg8 1-0

[Event "Bronshoj Lang Weekend 2012"]
[Site "Bronshoj"]
[Date "2012.02.13"]
[Round "7"]
[White "Stojanovski, Sandi"]
[Black "Rydstrom, Tom"]
[Result "1/2-1/2"]
[WhiteElo "2179"]
[BlackElo "1951"]
[PlyCount "97"]
[EventDate "2012.??.??"]
[EventCountry "DEN"]

1. d4 d5 2. c4 e6 3. Nc3 Nf6 4. Nf3 Be7 5. Bg5 O-O 6. e3 Nbd7 7. Bd3 h6 8. Bh4
c6 9. cxd5 exd5 10. Qc2 b6 11. O-O Bb7 12. Rad1 Re8 13. Ne5 Nxe5 14. dxe5 Nd7
15. Bg3 Bc5 16. Na4 Qe7 17. Nxc5 Nxc5 18. Bf5 a5 19. Rd4 Bc8 20. e4 dxe4 21.
Bxe4 Nxe4 22. Qxe4 Bb7 23. Qg4 Rad8 24. Rfd1 Rd5 25. Rxd5 cxd5 26. f4 Qb4 27.
Bf2 Bc8 28. Qf3 Qxb2 29. f5 Qc2 30. g4 Rxe5 31. Rxd5 Rxd5 32. Qxd5 Qc7 33. Bd4
Bb7 34. Qe5 Qxe5 35. Bxe5 b5 36. Bc7 a4 37. Bd6 Bc8 38. h3 h5 39. Kf2 Kh7 40.
Kg3 Kh6 41. a3 hxg4 42. hxg4 Kg5 43. Bf8 Kf6 44. Kf4 g5+ 45. fxg6 fxg6 46. g5+
Ke6 47. Bb4 Kd5 48. Bf8 Bf5 49. Bb4 1/2-1/2

[Event "Bronshoj Lang Weekend 2012"]
[Site "Bronshoj"]
[Date "2012.02.13"]
[Round "7"]
[White "Strange, Mikkel"]
[Black "Eriksson, Christian Altenburg"]
[Result "1-0"]
[WhiteElo "2314"]
[BlackElo "2139"]
[PlyCount "171"]
[EventDate "2012.??.??"]
[EventCountry "DEN"]

1. e4 c5 2. c3 Nf6 3. e5 Nd5 4. d4 cxd4 5. cxd4 d6 6. Bc4 dxe5 7. dxe5 e6 8.
Nf3 Nc6 9. O-O Be7 10. Qe2 Nb6 11. Bd3 Bd7 12. Rd1 Nb4 13. Be4 N4d5 14. Bd2 Bc6
15. Nd4 Rc8 16. Nxc6 bxc6 17. Qg4 g6 18. Bh6 Qc7 19. Qg3 Nd7 20. Nd2 f5 21.
exf6 Qxg3 22. hxg3 N7xf6 23. Bf3 Nd7 24. Rac1 Bf6 25. Ne4 Be7 26. a3 Kf7 27.
Rc2 Ne5 28. Be2 c5 29. Bf4 Nc6 30. Ba6 Rcd8 31. Ng5+ Kf6 32. Bc1 Nd4 33. Rcd2
Nb3 34. Ne4+ Kf7 35. Rd3 Nxc1 36. Rxc1 Rb8 37. b3 Rhd8 38. Re1 Rb6 39. Bc4 Kg7
40. Red1 Kf7 41. R1d2 Rbb8 42. Re2 h6 43. Kf1 Nb6 44. Rf3+ Kg7 45. Bxe6 Rd1+
46. Re1 Rxe1+ 47. Kxe1 Rf8 48. Rd3 Re8 49. f3 Bf8 50. Bc4 Rb8 51. Ba6 Kf7 52.
Kd2 Ke6 53. Kc2 Be7 54. Re3 Kf7 55. Rc3 Nd7 56. Bc4+ Kf8 57. Be6 Nf6 58. Nxc5
Rb6 59. Bh3 a5 60. a4 Kf7 61. Nd3 Nd5 62. Ne5+ Kg7 63. Rc8 Nb4+ 64. Kd2 Rd6+
65. Ke2 h5 66. Rc7 Kf8 67. Ra7 Bd8 68. Rf7+ Kg8 69. Rb7 Nc6 70. Nc4 Rf6 71. Kd3
Nb4+ 72. Ke4 Na6 73. Ra7 Nc5+ 74. Kd5 Nxb3 75. Rb7 Nc1 76. Rb8 Rf8 77. Ne5 Kg7
78. Rb7+ Kh6 79. Nf7+ Kg7 80. Nxd8+ Kf6 81. Rb6+ Ke7 82. Nc6+ Kf7 83. Ne5+ Kg7
84. Rb7+ Kh6 85. Nf7+ Kg7 86. Ng5+ 1-0

[Event "Bronshoj Lang Weekend 2012"]
[Site "Bronshoj"]
[Date "2012.02.13"]
[Round "7"]
[White "Tandrup, Michael"]
[Black "Ananthan, Arunn"]
[Result "1-0"]
[WhiteElo "1914"]
[BlackElo "1586"]
[PlyCount "35"]
[EventDate "2012.??.??"]
[EventCountry "DEN"]

1. d4 d5 2. Nf3 Nf6 3. c4 c6 4. e3 Bg4 5. Qb3 Bxf3 6. gxf3 Qc7 7. Nc3 e6 8. e4
Nbd7 9. Bd2 a5 10. Rc1 Bb4 11. a3 Be7 12. e5 Nh5 13. cxd5 Nxe5 14. dxe5 Qxe5+
15. Ne2 cxd5 16. Qb5+ Kf8 17. Qxb7 Rb8 18. Rc8+ 1-0